Sports Quiz

Random Sports or Soccer Quiz

Kilmarnock Opening Day XIs Quiz Stats

 Plays Quiz not verified by Sporcle

Score 0/187 Timer 15:00
0 Plays Today
Year Player % Correct
2003/04 0-4 vs RangersKris Boyd
95.2%
2004/05 1-0 vs HibernianKris Boyd
95.2%
2005/06 2-4 vs HeartsKris Boyd
95.2%
2009/10 3-0 vs HamiltonCammy Bell
92.3%
2010/11 1-2 vs RangersCammy Bell
92.3%
2011/12 1-1 vs Dundee UnitedCammy Bell
92.3%
2012/13 0-0 vs DundeeCammy Bell
92.3%
1999/00 1-2 vs RangersGarry Hay
90.5%
2001/02 2-2 vs HibernianGarry Hay
90.5%
2002/03 1-1 vs RangersGarry Hay
90.5%
2003/04 0-4 vs RangersGarry Hay
90.5%
2004/05 1-0 vs HibernianGarry Hay
90.5%
2005/06 2-4 vs HeartsGarry Hay
90.5%
2006/07 1-4 vs CelticGarry Hay
90.5%
2007/08 0-0 vs CelticGarry Hay
90.5%
2008/09 1-0 vs HibernianGarry Hay
90.5%
2009/10 3-0 vs HamiltonGarry Hay
90.5%
2005/06 2-4 vs HeartsSteven Naismith
89.9%
2006/07 1-4 vs CelticSteven Naismith
89.9%
2007/08 0-0 vs CelticSteven Naismith
89.9%
2004/05 1-0 vs HibernianJames Fowler
88.5%
2005/06 2-4 vs HeartsJames Fowler
88.5%
2006/07 1-4 vs CelticJames Fowler
88.5%
2007/08 0-0 vs CelticJames Fowler
88.5%
2008/09 1-0 vs HibernianJames Fowler
88.5%
2010/11 1-2 vs RangersJames Fowler
88.5%
2011/12 1-1 vs Dundee UnitedJames Fowler
88.5%
2012/13 0-0 vs DundeeJames Fowler
88.5%
2013/14 1-2 vs AberdeenJames Fowler
88.3%
1998/99 2-0 vs Dundee UnitedGordon Marshall
88%
2000/01 1-0 vs St. MirrenGordon Marshall
88%
2001/02 2-2 vs HibernianGordon Marshall
88%
2002/03 1-1 vs RangersGordon Marshall
88%
2013/14 1-2 vs AberdeenCraig Samson
85.1%
2004/05 1-0 vs HibernianAlan Combe
84.9%
2005/06 2-4 vs HeartsAlan Combe
84.9%
2007/08 0-0 vs CelticAlan Combe
84.9%
2008/09 1-0 vs HibernianAlan Combe
84.9%
1998/99 2-0 vs Dundee UnitedPaul Wright
84%
2006/07 1-4 vs CelticFrazer Wright
82.5%
2007/08 0-0 vs CelticFrazer Wright
82.5%
2009/10 3-0 vs HamiltonFrazer Wright
82.5%
2010/11 1-2 vs RangersFrazer Wright
82.5%
2014/15 1-1 vs DundeeCraig Samson
81.9%
2014/15 1-1 vs DundeeChris Johnston
81.3%
1999/00 1-2 vs RangersColin Meldrum
80.1%
2003/04 0-4 vs RangersColin Meldrum
80.1%
2013/14 1-2 vs AberdeenChris Johnston
79.7%
2006/07 1-4 vs CelticAllan Johnston
79.4%
2007/08 0-0 vs CelticAllan Johnston
79.4%
1998/99 2-0 vs Dundee UnitedGus MacPherson
78%
1999/00 1-2 vs RangersGus MacPherson
78%
2000/01 1-0 vs St. MirrenGus MacPherson
78%
2008/09 1-0 vs HibernianManuel Pascali
76.6%
2010/11 1-2 vs RangersManuel Pascali
76.6%
2011/12 1-1 vs Dundee UnitedManuel Pascali
76.6%
2012/13 0-0 vs DundeeManuel Pascali
76.6%
1999/00 1-2 vs RangersFreddie Dindeleux
76.3%
2000/01 1-0 vs St. MirrenFreddie Dindeleux
76.3%
2001/02 2-2 vs HibernianFreddie Dindeleux
76.3%
2002/03 1-1 vs RangersFreddie Dindeleux
76.3%
2003/04 0-4 vs RangersFreddie Dindeleux
76.3%
2004/05 1-0 vs HibernianFreddie Dindeleux
76.3%
Year Player % Correct
2014/15 1-1 vs DundeeManuel Pascali
76%
2006/07 1-4 vs CelticGraeme Smith
75.1%
1998/99 2-0 vs Dundee UnitedGary Holt
73%
1999/00 1-2 vs RangersGary Holt
73%
2000/01 1-0 vs St. MirrenGary Holt
73%
2010/11 1-2 vs RangersLiam Kelly
71.8%
2011/12 1-1 vs Dundee UnitedLiam Kelly
71.8%
2012/13 0-0 vs DundeeLiam Kelly
71.8%
1998/99 2-0 vs Dundee UnitedIan Durrant
71.5%
2000/01 1-0 vs St. MirrenIan Durrant
71.5%
1998/99 2-0 vs Dundee UnitedKevin McGowne
71%
1999/00 1-2 vs RangersKevin McGowne
71%
2000/01 1-0 vs St. MirrenKevin McGowne
71%
2008/09 1-0 vs HibernianCraig Bryson
70.8%
2009/10 3-0 vs HamiltonCraig Bryson
70.8%
2010/11 1-2 vs RangersCraig Bryson
70.8%
2008/09 1-0 vs HibernianConor Sammon
68.4%
2009/10 3-0 vs HamiltonConor Sammon
68.4%
2006/07 1-4 vs CelticColin Nish
68%
2007/08 0-0 vs CelticColin Nish
68%
1998/99 2-0 vs Dundee UnitedAlly Mitchell
67.9%
1999/00 1-2 vs RangersAlly Mitchell
67.9%
2001/02 2-2 vs HibernianAlly Mitchell
67.9%
2002/03 1-1 vs RangersAlly Mitchell
67.9%
2013/14 1-2 vs AberdeenPaul Heffernan
67.4%
2003/04 0-4 vs RangersDanny Invincibile
67%
2004/05 1-0 vs HibernianDanny Invincibile
67%
2005/06 2-4 vs HeartsDanny Invincibile
67%
2006/07 1-4 vs CelticDanny Invincibile
67%
2008/09 1-0 vs HibernianDanny Invincibile
67%
2010/11 1-2 vs RangersDanny Invincibile
67%
2014/15 1-1 vs DundeeRory McKenzie
67%
2003/04 0-4 vs RangersGary Locke
66.8%
2004/05 1-0 vs HibernianGary Locke
66.8%
2005/06 2-4 vs HeartsGary Locke
66.8%
2014/15 1-1 vs DundeeJosh Magennis
65.7%
2007/08 0-0 vs CelticJamie Hamill
63.2%
2009/10 3-0 vs HamiltonJamie Hamill
63.2%
2010/11 1-2 vs RangersJamie Hamill
63.2%
2000/01 1-0 vs St. MirrenChristophe Cocard
62.7%
2001/02 2-2 vs HibernianChristophe Cocard
62.7%
2002/03 1-1 vs RangersSteve Fulton
62.5%
2003/04 0-4 vs RangersSteve Fulton
62.5%
2010/11 1-2 vs RangersBen Gordon
62%
2010/11 1-2 vs RangersJames Dayton
62%
2011/12 1-1 vs Dundee UnitedJames Dayton
62%
2012/13 0-0 vs DundeeJames Dayton
62%
2013/14 1-2 vs AberdeenRory McKenzie
61.8%
2005/06 2-4 vs HeartsSimon Ford
61%
2007/08 0-0 vs CelticSimon Ford
61%
2008/09 1-0 vs HibernianSimon Ford
61%
2009/10 3-0 vs HamiltonSimon Ford
61%
2005/06 2-4 vs HeartsGordon Greer
60.8%
2006/07 1-4 vs CelticGordon Greer
60.8%
1999/00 1-2 vs RangersMark Reilly
60.5%
2004/05 1-0 vs HibernianStevie Murray
60.3%
2014/15 1-1 vs DundeeCraig Slater
59.8%
2011/12 1-1 vs Dundee UnitedGary Harkins
58.8%
2012/13 0-0 vs DundeeGary Harkins
58.8%
2004/05 1-0 vs HibernianGary Wales
58.6%
1998/99 2-0 vs Dundee UnitedAlan Mahood
57.7%
2000/01 1-0 vs St. MirrenAlan Mahood
57.7%
2001/02 2-2 vs HibernianAlan Mahood
57.7%
Year Player % Correct
2002/03 1-1 vs RangersAlan Mahood
57.7%
2002/03 1-1 vs RangersGary McSwegan
57.7%
2011/12 1-1 vs Dundee UnitedRory McKeown
57.6%
2012/13 0-0 vs DundeeLee Johnson
57.2%
2009/10 3-0 vs HamiltonKevin Kyle
56.2%
2014/15 1-1 vs DundeeLee Ashcroft
56.1%
2013/14 1-2 vs AberdeenRory McKeown
55.3%
2014/15 1-1 vs DundeeRoss Barbour
54.8%
2000/01 1-0 vs St. MirrenAndy McLaren
54.5%
2001/02 2-2 vs HibernianPeter Canero
54.1%
2008/09 1-0 vs HibernianMehdi Taouil
54.1%
2009/10 3-0 vs HamiltonMehdi Taouil
54.1%
2002/03 1-1 vs RangersCraig Dargo
53.8%
1998/99 2-0 vs Dundee UnitedMartin Baker
53.6%
2000/01 1-0 vs St. MirrenMartin Baker
53.6%
2014/15 1-1 vs DundeeMark Connolly
53.6%
2000/01 1-0 vs St. MirrenJerome Vareille
53.3%
2012/13 0-0 vs DundeeMichael Nelson
51.5%
1999/00 1-2 vs RangersChris Innes
50.3%
2001/02 2-2 vs HibernianChris Innes
50.3%
2003/04 0-4 vs RangersChris Innes
50.3%
2004/05 1-0 vs HibernianGary McDonald
50.2%
2005/06 2-4 vs HeartsGary McDonald
50.2%
2004/05 1-0 vs HibernianDavid Lilley
49.3%
2006/07 1-4 vs CelticDavid Lilley
49.3%
2007/08 0-0 vs CelticDavid Lilley
49.3%
2012/13 0-0 vs DundeeJeroen Tesselaar
49.3%
2002/03 1-1 vs RangersGreg Shields
48.5%
2003/04 0-4 vs RangersGreg Shields
48.5%
2010/11 1-2 vs RangersDavid Silva
48.3%
2013/14 1-2 vs AberdeenDarren Barr
47.5%
2013/14 1-2 vs AberdeenWilliam Gros
47.5%
1999/00 1-2 vs RangersMark Roberts
47.4%
2001/02 2-2 vs HibernianMichel Ngonge
47.1%
2014/15 1-1 vs DundeeTope Obadeyi
47%
2003/04 0-4 vs RangersPaul Di Giacomo
46.7%
2006/07 1-4 vs CelticPaul Di Giacomo
46.7%
2013/14 1-2 vs AberdeenJeroen Tesselaar
46.3%
2005/06 2-4 vs HeartsPeter Leven
46%
2007/08 0-0 vs CelticRyan O'Leary
45%
2008/09 1-0 vs HibernianRyan O'Leary
45%
2012/13 0-0 vs DundeeRyan O'Leary
45%
1998/99 2-0 vs Dundee UnitedJim Lauchlan
44.8%
2011/12 1-1 vs Dundee UnitedZdenek Kroca
44.8%
2014/15 1-1 vs DundeeChris Chantler
44.5%
2013/14 1-2 vs AberdeenKyle Jacobs
44.5%
1998/99 2-0 vs Dundee UnitedPat Nevin
44.5%
2008/09 1-0 vs HibernianDavid Fernandez
43%
2002/03 1-1 vs RangersSean Hessey
41.1%
2003/04 0-4 vs RangersSean Hessey
41.1%
2001/02 2-2 vs HibernianJesus Garcia Sanjuan
40.4%
2002/03 1-1 vs RangersJesus Garcia Sanjuan
40.4%
2013/14 1-2 vs AberdeenGary Fisher
40%
2011/12 1-1 vs Dundee UnitedPatrick Ada
38.8%
2012/13 0-0 vs DundeeMatthew Kennedy
38.5%
1999/00 1-2 vs RangersMike Jeffrey
38.1%
2001/02 2-2 vs HibernianAntonio Calderon
38%
2011/12 1-1 vs Dundee UnitedTim Clancy
32.1%
2009/10 3-0 vs HamiltonGavin Skelton
30.1%
2009/10 3-0 vs HamiltonSteven Old
29.7%
2011/12 1-1 vs Dundee UnitedBen Hutchinson
29.4%

You're not logged in!

Compare scores with friends on all Sporcle quizzes.
OR
Log In

You Might Also Like...

Show Comments

Extras

Top Quizzes Today


Score Distribution

Your Account Isn't Verified!

In order to create a playlist on Sporcle, you need to verify the email address you used during registration. Go to your Sporcle Settings to finish the process.

Report this User

Report this user for behavior that violates our Community Guidelines.

Details: